| 000 | 00606nam a2200193Ia 4500 | ||
|---|---|---|---|
| 003 | OSt | ||
| 005 | 20260428100420.0 | ||
| 008 | 210210b1989 xxu||||| |||| 00| 0 eng d | ||
| 040 |
_aAL _c |
||
| 041 | _aKannada | ||
| 082 | _a338.91722K BASB | ||
| 100 |
_aBASAVA (K D) _934579 _dಬಸವ (ಕೆ ಡಿ) |
||
| 245 |
_aBrahat rashtragala arthikabhivraddi _bಬೃಹತ್ ರಾಷ್ಟ್ರಗಳ ಆರ್ಥಿಕ ಅಭಿವೃದ್ಧಿ |
||
| 260 |
_aHubballi _bVidyavahini Prakashana _c1989 |
||
| 300 | _a454 | ||
| 690 |
_aEconomic Development _934580 |
||
| 906 | _a043228 | ||
| 942 |
_2ddc _cBK |
||
| 999 |
_c92799 _d92799 |
||